| 000 | 00874nam a2200229Ia 4500 | ||
|---|---|---|---|
| 003 | GCL | ||
| 008 | 140319s9999 xx 000 0 ara d | ||
| 020 | _a3593208977 | ||
| 040 |
_aGCL / _cGCL |
||
| 082 | 0 | 4 |
_a213 _bن إ |
| 100 | 1 | _aنيازى عزالدين | |
| 245 | 1 | 0 |
_aاله واحد الذى هو رب العالمين ودين واحد للناس كافة ليكون دين سلم ومحبة واخاء للعالمين / _cنيازى عزالدين |
| 250 | _aالاولى | ||
| 260 |
_aالقاهرة : _bمكتبة مدبولى ، _c2006 |
||
| 300 |
_a480 ص ؛ _c24 سم |
||
| 650 | 0 | 4 | _aالثقافة الاسلامية |
| 650 | 0 | 4 | _aالاسلام والاصلاح الدينى |
| 650 | 0 | 4 | _aالاسلام - دفع مطاعن |
| 650 | 0 | 4 | _aالاسلام - مبادىء عامة |
| 650 | 0 | 4 | _aالقران - خواص واسرار |
| 942 |
_2ddc _cBK |
||
| 999 |
_c9487 _d9487 |
||